000 00320nam a2200133 a 4500
005 20140414132117.0
008 111117s19uu xx 00 eng d
050 _aREF 591.5
_bAN5 2007
100 _aParker, Helen
245 _aAnimal picture dictionary.
440 _aMy 2 in 1
650 _aHabitat
999 _c114959
_d114959